000 00687nam a2200205 a 4500
001 18342
003 CO-ViMGA
008 141112s2004 ck r 000 u spa d
040 _aCO-ViMGA
_bspa
_cCO-ViMGA
082 0 4 _a336.86 C656
100 1 _aColomia.Ministerio de Hacienda y credito público,
_926088
245 1 0 _aLey de presupuesto general de la nación 2001
260 _aBogotá,
_cDepartamento Nacional de Planeación,
_c2001
300 _aSeparata
590 _aForma de adquisición : Premio - Mincultura
650 1 4 _aGASTOS PUBLICOS - COLOMBIA
_919954
650 1 4 _aHACIENDA PUBLICA - COLOMBIA
650 1 4 _aPRESUPUESTO - LEGISLACION - COLOMBIA
_916887
942 _2ddc
_cBK
999 _c27646
_d27646